000
00247nam a22001217a 4500
008
170524b xxu||||| |||| 00| 0 eng d
041
_a
eng
080
_2
3RD
_a
621
100
_a
26
101
_a
im
245
_a
MECHANICS
_c
BOYD
942
_2
udc
_c
BK
999
_c
14175
_d
14175